Т. 3: Физика элементарных частиц; Экспериментальная ядерная физика

Dades bibliogràfiques
Parent link:Экспериментальная ядерная физика: учебник/ К. Н. Мухин. Т. 3: Физика элементарных частиц.— 6-е изд., испр. и доп..— , 2008.— 978-5-8114-0738-5
Sumari:Учебник «Экспериментальная ядерная физика» написан на основе курса лекций, прочитанных автором в 1954-1988 гг. на разных факультетах Московского инженерно-физического института. В 1977 г. за 3-е издание книги автор был награжден Государственной премией СССР. Третий том учебника «Экспериментальная ядерная физика» посвящен описанию свойств элементарных частиц и взаимодействий, в которых они участвуют (сильных, электромагнитных, слабых). Здесь рассмотрены нуклон-нуклонные взаимодействия при различных энергиях, ядерные силы, теория дейтона, структура нуклонов, свойства лептонов, мезонов, гиперонов и резонансов, физика античастиц, унитарная симметрия. Учебник предназначен для студентов инженерно-физических и физико-технических высших учебных заведений, университетов.
Idioma:rus
Publicat: 2008
Matèries:
Format: Llibre
KOHA link:https://koha.lib.tpu.ru/cgi-bin/koha/opac-detail.pl?biblionumber=114026

MARC

LEADER 00000nam2a2200000 4500
001 114026
005 20231031122109.0
010 |a 9785811407415 
035 |a (RuTPU)RU\TPU\book\123308 
090 |a 114026 
100 |a 20070418d2008 m y0rusy50 ca 
101 0 |a rus 
102 |a RU 
105 |a a j 001zy 
200 0 |a Т. 3: Физика элементарных частиц 
210 |d 2008 
215 |a 432 с.  |c ил. 
320 |a Список литературы: с. 394-395. 
320 |a Алфавитно-предметный указатель: с. 396-400. 
330 |a Учебник «Экспериментальная ядерная физика» написан на основе курса лекций, прочитанных автором в 1954-1988 гг. на разных факультетах Московского инженерно-физического института. В 1977 г. за 3-е издание книги автор был награжден Государственной премией СССР. Третий том учебника «Экспериментальная ядерная физика» посвящен описанию свойств элементарных частиц и взаимодействий, в которых они участвуют (сильных, электромагнитных, слабых). Здесь рассмотрены нуклон-нуклонные взаимодействия при различных энергиях, ядерные силы, теория дейтона, структура нуклонов, свойства лептонов, мезонов, гиперонов и резонансов, физика античастиц, унитарная симметрия. Учебник предназначен для студентов инженерно-физических и физико-технических высших учебных заведений, университетов. 
451 1 |0 (RuTPU)RU\TPU\book\33461  |y 5283039641  |t Экспериментальная ядерная физика  |o учебное пособие  |h Кн. 2  |i Физика элементарных частиц  |c М.  |n Энергоатомиздат  |d 1993  |p 382 с.  |a Мухин, Константин Никифорович 
461 1 |0 (RuTPU)RU\TPU\book\150148  |y 978-5-8114-0738-5  |t Экспериментальная ядерная физика  |o учебник  |o в 3-х томах  |f К. Н. Мухин  |v Т. 3: Физика элементарных частиц  |e 6-е изд., испр. и доп.  |d 2008  |s Классическая учебная литература по физике 
610 1 |a ядерная физика 
610 1 |a элементарные частицы 
610 1 |a учебники 
610 1 |a нуклоны 
610 1 |a антинуклоны 
610 1 |a ядерные силы 
610 1 |a нуклон-нуклонное взаимодействие 
610 1 |a атомные ядра 
610 1 |a антиядра 
610 1 |a лептоны 
610 1 |a адроны 
610 1 |a кварки 
610 1 |a позитроны 
610 1 |a нейтрино 
610 1 |a антинейтрино 
610 1 |a мюоны 
610 1 |a р-мезоны 
610 1 |a странные частицы 
610 1 |a К-мезоны 
610 1 |a гипероны 
610 1 |a сильные взаимодействия 
610 1 |a унитарная симметрия 
610 1 |a кварки 
610 1 |a глюоны 
610 1 |a квантовая хромодинамика 
610 1 |a слабые взаимодействия 
610 1 |a единая теория слабых 
675 |a 539.14(075.8)  |v 3 
801 1 |a RU  |b 63413507  |c 20070418  |g PSBO 
801 2 |a RU  |b 63413507  |c 20150519  |g PSBO 
900 |a Методы и приборы физических измерений 
900 |a Основы физической теории ядерных установок 
900 |a Прикладная ядерная физика 
900 |a Экспериментальная реакторная физика 
900 |a Физическая теория реакторов 
900 |a Теория переноса нейтронов 
900 |a Физика деления и синтеза ядер 
900 |a Фундаментальные взаимодействия 
900 |a Экспериментальные методы ядерной физики 
900 |a Физика атомного ядра и элементарных частиц 
942 |c BK 
959 |a 29/20070323  |d 30  |e 0  |f УФ:1